Movies Quiz

Random Movies or Clickable Quiz

Pick the Leonardo DiCaprio Movie Quiz Stats

Quiz Updated Jun 17, 2017

Challenge
Share
Tweet
Embed
Score 0/16 Timer 03:00
17 Plays Today
Question Answer Wrong Answers
Which one of these films stars Leonardo DiCaprio? Titanic
98.1%
Beautiful Girls
0.4%
Brokeback Mountain
0.4%
Spider-Man
0.1%
Which one of these films stars Leonardo DiCaprio? The Great Gatsby
97.3%
Rob Roy
0.6%
Ratatouille
0.4%
American Psycho
0.7%
Which one of these films stars Leonardo DiCaprio? The Revenant
97.2%
Leaving Las Vegas
0.9%
The Lord of the Rings: The Fellowship of the Ring
0.3%
Boogie Nights
0.6%
Which one of these films stars Leonardo DiCaprio? The Wolf of Wall Street
97%
Sling Blade
0.3%
Sexy Beast
0.2%
Interview with the Vampire
1.4%
Which one of these films stars Leonardo DiCaprio? Inception
96.1%
A Time to Kill
1.1%
Miami Vice
0.6%
Alexander
1.2%
Which one of these films stars Leonardo DiCaprio? Romeo + Juliet
95.7%
Swimming with Sharks
1.6%
Best in Show
1.2%
The Matrix
0.5%
Which one of these films stars Leonardo DiCaprio? Shutter Island
95%
That Thing You Do!
1.8%
School of Rock
0.3%
Sin City
1.9%
Which one of these films stars Leonardo DiCaprio? Catch Me If You Can
93.9%
Bound
0.9%
There Will Be Blood
3%
Angels & Demons
1.2%
Which one of these films stars Leonardo DiCaprio? The Departed
93.8%
Fear and Loathing in Las Vegas
2.5%
Wet Hot American Summer
1.1%
The Thin Red Line
1.7%
Which one of these films stars Leonardo DiCaprio? The Aviator
93.6%
Heat
1.3%
Midnight in Paris
3.1%
Jobs
0.9%
Which one of these films stars Leonardo DiCaprio? Django Unchained
91.4%
The Full Monty
1.4%
Zoolander
0.9%
Primal Fear
5.3%
Which one of these films stars Leonardo DiCaprio? Blood Diamond
90.9%
Primal Fear
2.6%
Moulin Rouge!
2.1%
Cold Mountain
3.4%
Which one of these films stars Leonardo DiCaprio? The Man in the Iron Mask
90.1%
Fargo
5.4%
Star Wars: The Force Awakens
0.3%
Hocus Pocus
3.1%
Which one of these films stars Leonardo DiCaprio? Gangs of New York
88.9%
Last Man Standing
2.9%
Inglourious Basterds
6.9%
Elf
0.2%
Which one of these films stars Leonardo DiCaprio? J. Edgar
82.2%
Welcome to the Dollhouse
3.1%
Step Brothers
1.5%
The Good Shepherd
12.1%
Which one of these films stars Leonardo DiCaprio? Revolutionary Road
68.1%
Swingers
3.5%
Mulholland Drive
6.8%
The Talented Mr. Ripley
20.6%

You're not logged in!

Compare scores with friends on all Sporcle quizzes.
Sign Up with Email
OR
Log In

You Might Also Like...

Show Comments

Extras

Top Quizzes Today


Score Distribution

Your Account Isn't Verified!

In order to create a playlist on Sporcle, you need to verify the email address you used during registration. Go to your Sporcle Settings to finish the process.